Statistics for The Mortal Instruments - DNA

Click here to take the quiz!

General Stats

  • This quiz has been taken 629 times
  • The average score is 6 of 12

Answer Stats

HintAnswer% Correct
Lady Camille BelcourtVampire and Mundane
89%
Simon LewisVampire and Mundane
89%
Maia RobertsMundane and Lycanthrope
64%
Jordan KyleMundane and Lycanthrope
64%
Clary FrayAngel and Mundane
44%
Jace WaylandAngel and Mundane
44%
Isabelle LightwoodAngel and Mundane
44%
Alec LightwoodAngel and Mundane
44%
Jocelyn FrayAngel and Mundane
44%
Valentine MorgensternAngel and Mundane
44%
Magnus BaneDemon and Mundane
43%
Jonathan MorgernsternAngel, Demon and Mundane
5%

Score Distribution

Percentile by Number Answered

Percent of People with Each Score

Your Score History

You have not taken this quiz